New perspectives on Adobe Flash CS3 professional : (Record no. 13705)
[ view plain ]
| 000 -LEADER | |
|---|---|
| fixed length control field | 01385cam a22003375a 4500 |
| 001 - CONTROL NUMBER | |
| control field | 15779160 |
| 005 - DATE AND TIME OF LATEST TRANSACTION | |
| control field | 20090619090251.0 |
| 008 - FIXED-LENGTH DATA ELEMENTS--GENERAL INFORMATION | |
| fixed length control field | 090617s2009 maua 001 0 eng |
| 010 ## - LIBRARY OF CONGRESS CONTROL NUMBER | |
| LC control number | 2009284224 |
| 020 ## - INTERNATIONAL STANDARD BOOK NUMBER | |
| International Standard Book Number | 9780538745499 |
| 020 ## - INTERNATIONAL STANDARD BOOK NUMBER | |
| International Standard Book Number | 0538745495 |
| 040 ## - CATALOGING SOURCE | |
| Original cataloging agency | DLC |
| Transcribing agency | DLC |
| 082 ## - DEWEY DECIMAL CLASSIFICATION NUMBER | |
| Edition number | 22 |
| Classification number | 006.786 |
| Item number | LOP |
| 100 1# - MAIN ENTRY--PERSONAL NAME | |
| Personal name | Lopez, Luis A. |
| 9 (RLIN) | 12791 |
| 245 10 - TITLE STATEMENT | |
| Title | New perspectives on Adobe Flash CS3 professional : |
| Remainder of title | comprehensive / |
| Statement of responsibility, etc | Luis A. Lopez. |
| 246 3# - VARYING FORM OF TITLE | |
| Title proper/short title | Adobe Flash CS3 professional |
| 250 ## - EDITION STATEMENT | |
| Remainder of edition statement | International ed. |
| 260 ## - PUBLICATION, DISTRIBUTION, ETC. (IMPRINT) | |
| Place of publication, distribution, etc | Boston : |
| Name of publisher, distributor, etc | Course Technology, |
| Date of publication, distribution, etc | c2010.. |
| 300 ## - PHYSICAL DESCRIPTION | |
| Extent | xiii, 491 p., 14 p. of plates : |
| Other physical details | ill. ; |
| Dimensions | 28 cm. |
| 500 ## - GENERAL NOTE | |
| General note | Includes index. |
| 500 ## - GENERAL NOTE | |
| General note | International ed. |
| 630 00 - SUBJECT ADDED ENTRY--UNIFORM TITLE | |
| Uniform title | Flash (Computer file) |
| 9 (RLIN) | 12792 |
| 650 #0 - SUBJECT ADDED ENTRY--TOPICAL TERM | |
| Topical term or geographic name as entry element | Computer animation |
| General subdivision | Computer programs. |
| 9 (RLIN) | 12793 |
| 650 #0 - SUBJECT ADDED ENTRY--TOPICAL TERM | |
| Topical term or geographic name as entry element | Computer graphics |
| General subdivision | Computer programs. |
| 9 (RLIN) | 12794 |
| 650 #0 - SUBJECT ADDED ENTRY--TOPICAL TERM | |
| Topical term or geographic name as entry element | Web sites |
| General subdivision | Design. |
| 9 (RLIN) | 12795 |
| 700 ## - ADDED ENTRY--PERSONAL NAME | |
| Personal name | Romer, Robin M. |
| 9 (RLIN) | 12796 |
| 942 ## - ADDED ENTRY ELEMENTS (KOHA) | |
| Source of classification or shelving scheme | Dewey Decimal Classification |
| Item type | Book - Borrowing |
| Withdrawn status | Item status | Source of classification or shelving scheme | Damaged status | Not for loan | Vendor | Home library | Current library | Shelving location | Date acquired | Source of acquisition | Total Checkouts | Total Renewals | Full call number | Barcode | Date last seen | Date last borrowed | Koha item type |
|---|---|---|---|---|---|---|---|---|---|---|---|---|---|---|---|---|---|
| Dewey Decimal Classification | Baccah | Central Library | Central Library | Lower Floor | 16/03/2010 | 3 | 8 | 006.786 LOP | 000019824 | 15/07/2025 | 15/01/2013 | Book - Borrowing | |||||
| Dewey Decimal Classification | Baccah | Central Library | Central Library | Lower Floor | 16/03/2010 | 1 | 006.786 LOP | 000019823 | 15/07/2025 | 15/01/2013 | NB - Book (Non borrowing) |